| 000 | 00805na a2200253 4500 | ||
|---|---|---|---|
| 001 | 13941 | ||
| 003 | MIRAKIL | ||
| 005 | 20181213154740.0 | ||
| 008 | 160822b tu 000 0 | ||
| 035 | _a13941 | ||
| 040 |
_aMilas _btur _cTR-AnCHP |
||
| 041 |
_atur _afre |
||
| 082 |
_aATA 923.156 _bŞ55a 1981 |
||
| 090 | _aATA 923.156 Ş55a 1981 | ||
| 100 | _aŞimşir, Bilal N. | ||
| 245 |
_aAtatürk ile yazışmalar 1920-1923 = Correspondances avec Atatürk _cBilal N. Şimşir |
||
| 260 |
_aAnkara _bKültür Bakanlığı _c1981 |
||
| 300 |
_a552 s. _c18 sm. |
||
| 490 |
_aDoğumunun 100. Yılında Atatürk Yayınları _v3 |
||
| 490 |
_aKültür Bakanlığı Yayınları _v394 |
||
| 504 | _aDizin var. | ||
| 600 |
_aAtatürk, Mustafa Kemal _d1881-1938 _xYazışmalar _y1920-1923 |
||
| 942 |
_2ddc _cBKS |
||
| 999 |
_c255 _d255 |
||